| 000 | 00405 a2200133 4500 | ||
|---|---|---|---|
| 005 | 20250403083702.0 | ||
| 020 | _a0-07-046528-2 | ||
| 082 | _a659.109 NIC | ||
| 100 | _aNICOSIA, F. M. | ||
| 245 | _aAdvertising, Management and Society: A Business Point of View | ||
| 260 |
_aNew York, _bMcGraw-Hill, _c1974. |
||
| 300 |
_aXX, 386P., ill., table, figure, _bIndex, bibliography, _c23cm. |
||
| 942 |
_2ddc _cBKS |
||
| 999 |
_c1048 _d1048 |
||